| 000 | 01306nam a22003857a 4500 | ||
|---|---|---|---|
| 003 | CHAP | ||
| 005 | 20220817043321.0 | ||
| 008 | 971013s1982 r 00010 d | ||
| 010 | _a71663 | ||
| 011 | _a72635 | ||
| 035 | _a82191 | ||
| 040 | _cCHAP | ||
| 090 | _aTesis | ||
| 100 | 0 | 0 |
_aCampos de Jesús, Sergio. _918096 |
| 245 |
_aEfecto de la captación de lluvia _b: estiércol y rastrojo sobre la humedad del suelo y producción de la asociación maíz-frijol |
||
| 260 |
_aChapingo, Méx. : _bEl autor, _c1982 |
||
| 300 |
_a182 h. _b: gráfs |
||
| 502 | _aTesis (M. C. Esp. en Suelos) -- CP. Centro de Edafología | ||
| 590 |
_aALEPH _b10 _c20130110 _lUCH01 _h1412 |
||
| 590 |
_aBATCH-UPD _b10 _c20130110 _lUCH01 _h0542 |
||
| 590 |
_aBATCH-UPD _b10 _c20130410 _lUCH01 _h0223 |
||
| 590 |
_aBATCH-UPD _b10 _c20130914 _lUCH01 _h0310 |
||
| 590 |
_aCONVERSION _b10 _c20130109 _lUCH01 _h1339 |
||
| 650 | 1 | 4 |
_aAbonos _xEfecto en suelos. |
| 650 | 1 | 4 |
_aAgua _xAlmacenamiento. _92279 |
| 650 | 1 | 4 |
_aCultivos asociados. _930370 |
| 650 | 1 | 4 |
_aFrijol _xRendimiento. _943429 |
| 650 | 1 | 4 |
_aLluvia. _967312 |
| 650 | 1 | 4 |
_aMaíz _xRendimiento. _971051 |
| 650 | 1 | 4 |
_aSuelos _xHumedad. _9110391 |
| 901 | _aBK | ||
| 942 | _cFOLL | ||
| 949 |
_bBC _cTES _d-36096 _eTS1 _i82191 _si |
||
| 949 |
_bBC _cTES _d-36098 _eTS2 _fc.2 _i82191 _si |
||
| 999 |
_c71663 _d71663 |
||